000
00337nam a2200133Ia 4500
008
240624s9999 xx 000 0 und d
041
_a
eng
082
_a
320 NEU
100
_a
NEUMAYR GEORGE
245
_a
POLITICAL POPE HOW POPE FRANCIS IS DELIG
260
_c
2017
_a
New York
_b
Center Street
300
_a
277 p.; 24 cm.
365
_c
RS
999
_c
29189
_d
29189